00952nam a22002057a 450000500170000000800410001702000180005804100080007604400070008408200190009110000330011024502360014324601370037926000420051630000300055850400280058865000400061665000450065665000450070120140708114614.0110414q2006 ck gr 00010 spa d a97895898282360 aspa ack04a615.882bP19t 1 aPantoja-Cuero, Juan Orlando.10aTras el conocimiento ancestral afrocolombiano : bencuentros de saberes en medicina tradicional del pacífico caucanoccoordinación general y autores Juan Orlando Pantoja Cuero, Edyd Luisa Torres Cuero, Dionisio Rodríguez Paz. aMemorias: bencuentros e intercambios de saberes en medicina tradicional en comunidades negras del Pacífico Departamento del Cauca aBogoábAsociación Junpro, c2006. a134 p. : bil. ; c28 cm. aIncluye bibliografía. aMedicina popularz Cauca (Colombia) 4aMedicina folclóricaz Cauca (Colombia) 4aMedicina y religiónz Cauca (Colombia)